📖✒ "Le cancre" Jacques Prévert - Statistiques

Statistiques générales
  • Ce quiz a Ă©tĂ© pris 192 fois
  • Le rĂ©sultat moyen est 66 sur 94
Statistiques - réponses
Mots % Correct
le
98%
le
98%
le
98%
le
98%
le
98%
le
98%
Il
97%
il
97%
il
97%
il
97%
il
97%
il
97%
il
97%
il
97%
Ă 
96%
la
91%
avec
90%
avec
90%
avec
90%
dit
89%
dit
89%
dit
89%
dit
89%
mais
89%
non
88%
non
88%
tĂŞte
88%
coeur
87%
oui
87%
oui
87%
au
84%
de
84%
professeur
81%
qu'
79%
ce
76%
des
76%
des
76%
les
75%
les
75%
les
75%
les
75%
les
75%
les
75%
les
75%
les
75%
les
75%
les
75%
et
73%
et
73%
et
73%
et
73%
et
73%
et
73%
du
70%
du
70%
du
70%
tableau
70%
sur
69%
aime
68%
est
66%
tout
66%
noir
65%
dessine
64%
bonheur
62%
couleurs
62%
toutes
62%
craies
60%
visage
60%
on
59%
malheur
58%
tous
58%
sous
53%
mots
51%
chiffres
50%
maître
50%
debout
49%
enfants
49%
sont
48%
questionne
46%
rire
46%
efface
41%
problèmes
40%
prend
39%
fou
38%
posés
38%
dates
37%
huées
37%
soudain
36%
prodiges
34%
noms
32%
phrases
31%
malgré
28%
menaces
28%
pièges
26%
Aucun quiz correspondant
Distribution des résultats
% des personnes avec chaque résultat
Percentile par nombre de réponses
Votre historique - résultats
Vous n’avez pas pris ce quiz